| 000 | 01424 a2200229 4500 | ||
|---|---|---|---|
| 001 | 10424 | ||
| 005 | 20260407155437.0 | ||
| 008 | 260407a2008 arg spa d | ||
| 003 | AR-UNSa-BCEJYS | ||
| 040 |
_aAR-UNSa-BCEJYS _bspa _cAR-UNSa-BCEJYS |
||
| 080 |
_a657.3 _xPresupuestos. Cierre de Cuentas. Balances (Estados Contables) |
||
| 245 | 1 | 0 | _aMedición de estados contables |
| 020 | _a978-987-01-0833-7 | ||
| 264 | 1 |
_aBuenos Aires : _bErrepar _c2008 |
|
| 300 |
_axiv, 338 p. _c27 cm. |
||
| 505 | _a1. Modelos contables - 2. Unidad de medida. Los cambios de precios y los estados contables - 3. Resultados fnancieros - 4. Normas contables - 5. Marco conceptual de las normas contables profesionales - 6. Patrimonio neto - 7. Los valores de incorporación al patrimonio - 8. Medición al cierre del ejercicio. Criterios generales - 9. Medición al cierre del ejercicio. Particularidades de cada rubro - 10. Contingencias. Hechos posteriores al cierre. Modifcaciones de resultados de ejercicios anteriores - 11. Impuesto diferido - 12. Valor patrimonial proporcional - 13. Consolidación de estados contables - 14. Conversión de estados contables | ||
| 942 | _cBK | ||
| 590 | _aniveau_biblio:m niveau_hierar:0 | ||
| 100 | 1 | _aPaulone, Héctor Mauricio | |
| 700 | 1 | _aVeiras, Alberto | |
| 856 | 4 | 1 |
_uhttps://biblioeco.unsa.edu.ar/pmb/images/libros/Medicion de estados contables2-l118701.jpg _yImagen de portada _qimage/jpeg |
| 999 |
_c451 _d451 |
||